000 00592nam a2200217Ia 4500
003 OSt
005 20220918191942.0
006 a|||||r|||| 00| 0
007 ta
008 220917b |||||||| |||| 00| 0 eng d
024 _a66,117
037 _cTextual
040 _aARTS
_cARTS
_beng
041 _2eng
_aeng
082 _aR2, M4
100 _aJolley Nicholas
_917213
245 0 _aLeibiniz and locke
_b a study of the new essasy in human understanding
260 _aOxford
_bClarendon
_c1984
942 _hR2, M4
_cTEXL
_2CC
999 _c192351
_d192351